Harta Dari Istana Candawala

Bibliographic Details
Main Author: Ahmad Kamar A. Rahman
Format: Book
Published: Kuala Lumpur : DBP , 1976
Subjects:

MARC

LEADER 00000cam a2200000 7i4500
001 0000114071
005 20150513.0
008 150513
090 0 0 |a JF AHM 
100 1 |a Ahmad Kamar A. Rahman 
245 1 0 |a Harta Dari Istana Candawala   |c Ahmad Kamar A. Rahman 
260 |a Kuala Lumpur :   |b DBP ,   |c 1976 
300 |a 81cm ;   |c 16cm. 
650 0 0 |z Harta Dari Istana Candawala 
999 |a 0000328446   |b Buku   |c Koleksi Pinjaman Kanak-Kanak   |e Perpustakaan Cawangan Jasin 
999 |a 0000328447   |b Buku   |c Koleksi Pinjaman Kanak-Kanak   |e Perpustakaan Cawangan Jasin